000 00742nam a22002297a 4500
003 CBULib
005 20260316142324.0
008 260316b |||||||| |||| 00| 0 eng d
020 _a9781285423548
040 _aCBULib
_bEnglish
_cCBULib
_erda
050 _aHB 172 Col
100 _95405
_aMcEachern, William A.
_eauthor
245 _aECON micro : principles of microeconomics
_c/ by William A. McEachern
250 _aFourth edition
260 _aStamford, C.T. :
_bCengage Learning,
_c2015
300 _axv, 381 pages, 53 unnumbered pages : colour illustrations
336 _2rdacontent
_aText |
_btxt
337 _2rdamedia
_aUnmediated |
_bn
338 _2rdacarrier
_aVolume
_bnc
650 0 _953
_aMICROECONOMICS
942 _2lcc
_c002
999 _c86679
_d86679